| 000 | 01010cam a2200313 i 4500 | ||
|---|---|---|---|
| 999 |
_c200441269 _d59481 |
||
| 003 | TR-AnTOB | ||
| 005 | 20231130120103.0 | ||
| 007 | ta | ||
| 008 | 740823s1974 fr a bs 000 0 eng | ||
| 010 | _a74176775 | ||
| 020 | _a9264111816 | ||
| 040 |
_aDLC _beng _erda _cDLC _dEEM _dUtOrBLW _dTR-AnTOB |
||
| 041 | 0 | _aeng | |
| 050 | 0 | 4 |
_aHC79.P55 _bO74 1974 |
| 090 |
_aHC79.P55 _bO74 1974 |
||
| 110 | 2 |
_aOrganisation for Economic Co-operation and Development. _bEconomic Policy Committee. _bWorking Party No. 2 _9138609 |
|
| 245 | 1 | 0 |
_aEconomic implications of pollution control : _ba general assessment. |
| 264 | 1 |
_a[Paris] : _bOECD, _c1974. |
|
| 300 |
_a78 pages : _billustrations ; _c24 cm |
||
| 336 |
_atext _btxt _2rdacontent. |
||
| 337 |
_aunmediated _bn _2rdamedia. |
||
| 338 |
_avolume _bnc _2rdacarrier. |
||
| 490 | 0 |
_aOECD studies in resource allocation, _vno. 1. |
|
| 504 | _aBIB | ||
| 650 | 0 |
_aPollution _xEconomic aspects _987541 |
|
| 942 |
_2lcc _cBK |
||